[Event "revancha?"]
[Site "http://www.queenalice.com/game.php?id=1168317"]
[Date "2013.4.4"]
[Round "-"]
[White "Vivianna"]
[Black "wildrocker"]
[Result "0-1"]
[WhiteElo "1382"]
[BlackElo "1522"]

1. d4 e6 2. Bf4 Bd6 3. e3 Nf6 4. Nc3 c6 5. Bxd6 Qb6 6. Na4 Qa5+ 7. Nc3 Ne4 8.
Bd3 Nxc3 9. b4 Qd5 10. Qf3 Qxd6 11. Nh3 Qxb4 12. Nf4 Ne4+ 13. Kd1 Qd2# 0-1

[Event "AUTO-INT-2612"]
[Site "http://www.queenalice.com/game.php?id=1173422"]
[Date "2013.4.20"]
[Round "1"]
[White "wildrocker"]
[Black "Admilton"]
[Result "1-0"]
[WhiteElo "1518"]
[BlackElo "1578"]

1. e4 e5 2. Nf3 d6 3. Bc4 h6 4. d4 exd4 5. Nxd4 c5 6. Nf3 Qe7 7. O-O Qxe4 8.
Nbd2 Qf5 9. Re1+ Be7 10. Qe2 a6 11. Ne4 b5 12. Ng3 Qd7 13. Bd5 Bb7 14. Bxb7 Qxb7
15. Nf5 Nc6 16. Bf4 Kd7 17. Nxg7 Bf6 18. Nh5 Bxb2 19. Rad1 Bd4 20. c3 Bxf2+ 21.
Kxf2 Qb8 22. Bxd6 Qa7 23. Ne5+ Nxe5 24. Qxe5 Kc6 25. Qd5+ Kb6 26. Qxc5+ Ka5 27.
Bc7+ Qxc7 28. Qxc7+ Ka4 29. Rd4+ Ka3 30. Qa5+ Kb2 31. Rd2# 1-0

[Event "AUTO-INT-2612"]
[Site "http://www.queenalice.com/game.php?id=1173441"]
[Date "2013.4.20"]
[Round "1"]
[White "wildrocker"]
[Black "bernhar"]
[Result "1-0"]
[WhiteElo "1562"]
[BlackElo "1560"]

1. e4 e5 2. Nf3 f6 3. Bc4 Ne7 4. d4 d6 5. d5 Bg4 6. Be3 Ng6 7. h3 Bxf3 8. Qxf3
Nh4 9. Qh5+ Ng6 10. Nc3 c6 11. a4 Qa5 12. Qf5 Qd8 13. Qe6+ Qe7 14. Qc8+ Kf7 15.
dxc6+ d5 16. Bxd5+ Qe6 17. Bxe6+ Ke7 18. Bc5# 1-0

[Event "AUTO-INT-2612"]
[Site "http://www.queenalice.com/game.php?id=1173442"]
[Date "2013.4.20"]
[Round "1"]
[White "bernhar"]
[Black "wildrocker"]
[Result "0-1"]
[WhiteElo "1573"]
[BlackElo "1578"]

1. e4 e5 2. Bd3 Bc5 3. Nf3 d5 4. O-O Nf6 5. Nxe5 dxe4 6. Bc4 Be6 7. Qh5 Nxh5 8.
Nc3 Qd4 9. Bxe6 Qxe5 10. Bd5 Bd6 11. g3 c6 12. Bxe4 Nf6 13. Bg2 O-O 14. d3 Qd4
15. Be3 Qg4 16. Ne2 Qxe2 17. Rac1 Nd5 18. Rfe1 Qg4 19. c4 Nb4 20. Rcd1 Nd7 21.
Bd4 Qxd4 22. Re4 Qxb2 23. d4 Nd3 24. Rxd3 Qb1+ 25. Bf1 Qxa2 26. c5 Nf6 27. Rh4
Bc7 28. Be2 Qb1+ 29. Rd1 Qc2 30. Kf1 Qf5 31. Bd3 Qf3 32. Ke1 Rfe8+ 33. Kd2 Qxf2+
34. Kc1 Ba5 35. Rf1 Qe3+ 36. Kc2 Qd2+ 37. Kb3 Qxd3+ 38. Ka4 Qb5+ 39. Ka3 Re2 40.
Rf3 Qb4# 0-1

[Event "Challenge"]
[Site "http://www.queenalice.com/game.php?id=1175690"]
[Date "2013.4.27"]
[Round "-"]
[White "Shrimp"]
[Black "wildrocker"]
[Result "1-0"]
[WhiteElo "1478"]
[BlackElo "1577"]

1. c4 Nf6 2. g3 e6 3. a3 c5 4. Bg2 d5 5. e3 Nc6 6. Ne2 Ne4 7. d3 Qa5+ 8. Nbc3
Nxc3 9. Nxc3 d4 10. Qa4 Bd7 11. Qxa5 Nxa5 12. Nb5 Nb3 13. Rb1 O-O-O 14. Nxa7+
Kb8 15. Nb5 Nxc1 16. Rxc1 dxe3 17. fxe3 Bc6 18. Bxc6 bxc6 19. Nc3 Rxd3 20. Nd1
f5 21. O-O g5 22. Rc3 Rd2 23. Rb3+ Kc7 24. a4 g4 25. a5 Bg7 26. a6 Ra8 27. Rb7+
Kc8 28. Rxg7 Rxa6 29. Rxh7 Rd7 30. Rh6 Rd6 31. e4 fxe4 32. Rf8+ Kc7 33. Rh7+ Rd7
34. Rxd7+ Kxd7 35. Kf1 Ra4 36. Rf4 Rxc4 37. Rxg4 Kd6 38. Nc3 Ke5 39. h4 Kd4 40.
Rxe4+ Kd3 41. Rxc4 Kxc4 42. h5 Kb3 43. Nd1 e5 44. h6 e4 45. h7 Kc2 46. Ke2 c4
47. h8=Q c5 48. Qc3+ Kb1 49. b3 Ka2 50. Qb2# 1-0

[Event "Challenge"]
[Site "http://www.queenalice.com/game.php?id=1176301"]
[Date "2013.4.28"]
[Round "-"]
[White "wildrocker"]
[Black "Clewilson"]
[Result "0-1"]
[WhiteElo "1577"]
[BlackElo "1447"]

1. e4 e5 2. Nf3 d6 3. Bb5+ c6 4. Bc4 b5 5. Bb3 Qf6 6. d4 Qg6 7. O-O Nf6 8. dxe5
Ng4 9. Nh4 Qh5 10. Nf3 Nd7 11. exd6 Ba6 12. Nc3 b4 13. Na4 Nde5 14. Nxe5 Qxh2#
0-1

[Event "Challenge"]
[Site "http://www.queenalice.com/game.php?id=1176713"]
[Date "2013.4.30"]
[Round "-"]
[White "wildrocker"]
[Black "MarKo85"]
[Result "0-1"]
[WhiteElo "1594"]
[BlackElo "1570"]

1. e4 d5 2. exd5 Nf6 3. c4 g6 4. Nc3 Bh6 5. d3 Bxc1 6. Qxc1 e6 7. Qh6 Ke7 8. Nf3
c6 9. Ne5 exd5 10. cxd5 cxd5 11. Qg7 Be6 12. d4 Nc6 13. f4 Nh5 14. Qh6 Nxd4 15.
Qg5+ f6 16. Qh4 Nc2+ 17. Kd1 Nxa1 18. Ng4 Kd6 19. Nb5+ Kd7 20. Nd4 a5 21. Bb5+
Kc8 22. Nxe6 Qe7 23. Re1 Re8 24. f5 gxf5 25. Nh6 Ng7 26. Nf4 Qxe1+ 27. Qxe1
Rxe1+ 28. Kxe1 Nc2+ 29. Kd1 Nd4 30. Bd3 Nge6 31. Nxd5 f4 32. Nxf6 Ra6 33. Nd5 b5
34. Ne7+ Kd7 35. Nd5 Nc5 36. Bxh7 Rxh6 37. Be4 Nxe4 38. Nxf4 Rxh2 39. Nd3 Rh1+
40. Ne1 Ke7 41. g3 Kf7 42. g4 Kg6 43. b3 b4 44. a3 bxa3 45. b4 axb4 46. Kc1
Rxe1# 0-1

[Event "Revancha?"]
[Site "http://www.queenalice.com/game.php?id=1179133"]
[Date "2013.5.6"]
[Round "-"]
[White "wildrocker"]
[Black "Clewilson"]
[Result "0-1"]
[WhiteElo "1591"]
[BlackElo "1543"]

1. e4 e5 2. Nf3 d6 3. Bc4 Nf6 4. Nc3 Nbd7 5. d3 Nb6 6. Bb5+ c6 7. Ba4 Nh5 8. Bg5
Qd7 9. Nh4 g6 10. Qf3 h6 11. Be3 Be7 12. Bb3 Bxh4 13. g3 Bg5 14. h4 Be7 15.
Qxf7+ Kd8 16. Qxg6 Qe8 17. Bf7 Qf8 18. Qxh5 Qg7 19. O-O-O Bg4 20. Qg6 Rh7 21.
Qxg7 Rxg7 22. Bb3 Kc8 23. Bxh6 Rh7 24. Bg5 a5 25. Na4 Nxa4 26. Bxa4 b5 27. Bb3
a4 28. Bg8 Rg7 29. Rdf1 Rxg8 30. Bxe7 Rg6 31. f3 Be6 32. g4 Bxa2 33. h5 Rg8 34.
Bxd6 Kd7 35. Bxe5 a3 36. bxa3 Rxa3 37. Kb2 b4 38. h6 Bf7 39. Bd4 Rga8 40. h7 c5
41. Bxc5 Ra2+ 42. Kb1 Ra1+ 43. Kb2 R8a2# 0-1

[Event "Challenge"]
[Site "http://www.queenalice.com/game.php?id=1186775"]
[Date "2013.6.1"]
[Round "-"]
[White "wildrocker"]
[Black "MGSCUCIATO"]
[Result "1-0"]
[WhiteElo "1581"]
[BlackElo "1430"]

1. e4 e5 2. Nf3 f6 3. Bc4 Nh6 4. O-O d6 5. d4 exd4 6. Nxd4 Ng4 7. f3 Ne5 8. Ne6
Bxe6 9. Bxe6 Qe7 10. Bc8 Nbc6 11. Bxb7 Rb8 12. Ba6 g6 13. f4 Nf7 14. Nc3 Rb6 15.
Nd5 Qxe4 16. Nxb6 cxb6 17. Bd3 Qd4+ 18. Kh1 Nh6 19. Qe1+ Ne7 20. Be3 Qd5 21. Qh4
Qe6 22. Bb5+ Kd8 23. Bd4 Nhf5 24. Qe1 Nxd4 25. Ba6 Qd5 26. Qc3 Ne2 27. Qxf6 Rg8
28. c4 Qh5 29. Qxd6+ Ke8 30. Qb8+ Kf7 31. Qxa7 Qg4 32. c5 bxc5 33. Bc4+ Kg7 34.
Qxc5 Nxf4 35. Qe5+ Kh6 36. Rxf4 Qc8 37. Rh4# 1-0

[Event "AUTO-INT-2649"]
[Site "http://www.queenalice.com/game.php?id=1187655"]
[Date "2013.6.4"]
[Round "1"]
[White "wildrocker"]
[Black "marcomasao"]
[Result "0-1"]
[WhiteElo "1513"]
[BlackElo "1646"]

1. e4 e5 2. Nf3 Nc6 3. Nc3 Bc5 4. Nd5 Nf6 5. Bc4 h6 6. h4 Nxd5 7. exd5 Ne7 8. d3
d6 9. Be3 Bd7 10. Qd2 c6 11. a4 a6 12. b4 Ba7 13. a5 b5 14. dxc6 Bxc6 15. O-O
bxc4 16. dxc4 Bxf3 17. gxf3 Nf5 18. b5 axb5 19. cxb5 Qxh4 20. Qd5 Qd8 0-1

[Event "AUTO-INT-2649"]
[Site "http://www.queenalice.com/game.php?id=1187656"]
[Date "2013.6.4"]
[Round "1"]
[White "marcomasao"]
[Black "wildrocker"]
[Result "1-0"]
[WhiteElo "1634"]
[BlackElo "1525"]

1. e4 e5 2. Bc4 Nf6 3. Nc3 Nc6 4. Nf3 d6 5. Ng5 Be6 6. Bxe6 fxe6 7. Nxe6 Qd7 8.
Nxf8 Rxf8 9. d3 Nd4 10. Bd2 Ng4 11. f3 Nh6 12. Be3 O-O-O 13. Bxd4 exd4 14. Ne2
c5 15. O-O Qe7 16. Nc1 Qg5 17. Nb3 Qe3+ 18. Rf2 Qg5 19. a4 d5 20. Nxc5 Qf6 21.
Qe1 1-0

[Event "AUTO-INT-2649"]
[Site "http://www.queenalice.com/game.php?id=1187657"]
[Date "2013.6.4"]
[Round "1"]
[White "wildrocker"]
[Black "ciceroeduardo"]
[Result "0-1"]
[WhiteElo "1498"]
[BlackElo "1475"]

1. e4 e5 2. Nf3 Nc6 3. Bc4 Bc5 4. Nc3 Nf6 5. O-O O-O 6. d3 d6 7. Be3 b6 8. Ng5
Qe7 9. Nd5 Nxd5 10. exd5 Na5 11. Qh5 h6 12. Ne4 Kh7 13. a3 Bxe3 14. fxe3 g6 15.
Qf3 Bb7 16. Nf6+ Kg7 17. b4 Nxc4 18. dxc4 a5 19. b5 Bc8 20. e4 Bd7 21. Ng4 f6
22. Qe3 Bxg4 23. h3 Bd7 24. g4 g5 25. a4 Kg6 0-1

[Event "AUTO-INT-2649"]
[Site "http://www.queenalice.com/game.php?id=1187658"]
[Date "2013.6.4"]
[Round "1"]
[White "ciceroeduardo"]
[Black "wildrocker"]
[Result "1-0"]
[WhiteElo "1611"]
[BlackElo "1591"]

1. e4 e5 2. Nf3 Nc6 3. Bc4 Nf6 4. Nc3 d6 5. O-O Be6 6. Be2 Nd4 7. Ng5 Qd7 8. d3
O-O-O 9. b3 h6 10. Nxe6 Qxe6 11. a4 g5 12. Be3 Ng4 13. Bxg4 f5 14. exf5 Nxf5 15.
Bxa7 d5 16. Re1 d4 17. Ne4 Qg6 18. Qf3 Qa6 19. Qxf5+ Rd7 20. Qxd7# 1-0

[Event "AUTO-INT-2649"]
[Site "http://www.queenalice.com/game.php?id=1187659"]
[Date "2013.6.4"]
[Round "1"]
[White "wildrocker"]
[Black "Mariojose"]
[Result "0-1"]
[WhiteElo "1561"]
[BlackElo "1495"]

1. e4 e5 2. Nf3 Nc6 3. Nc3 a6 4. Bc4 h6 5. d4 Nf6 6. d5 Ne7 7. Nxe5 d6 8. Nf3
Qd7 9. O-O b5 10. Bb3 Bb7 11. Bf4 Qg4 12. Ne2 Nxe4 13. h3 Qf5 14. g4 Qxd5 15.
Bxd5 Nxd5 16. c3 Nef6 17. Ned4 Nxf4 18. Qe1+ Be7 19. Qe3 Nxh3+ 20. Kg2 Nd5 21.
Qd3 Ndf4+ 22. Kg3 Nxd3 23. Kxh3 Bxf3 24. Nxf3 O-O 25. b4 Nf4+ 26. Kg3 Ne2+ 27.
Kh2 Nf4 28. Rae1 Rfe8 29. Re4 Nd3 30. Nh4 Bxh4 31. Re3 Rxe3 32. fxe3 Re8 33. Rf3
Ne1 34. Rh3 Bg5 35. Kg1 Rxe3 36. Rh2 Nf3+ 37. Kg2 Nxh2 38. Kxh2 Re2+ 39. Kg3
Re3+ 0-1

[Event "AUTO-INT-2649"]
[Site "http://www.queenalice.com/game.php?id=1187660"]
[Date "2013.6.4"]
[Round "1"]
[White "Mariojose"]
[Black "wildrocker"]
[Result "1-0"]
[WhiteElo "1514"]
[BlackElo "1542"]

1. e4 e5 2. d3 Bc5 3. Nf3 Nc6 4. Ng5 Qf6 5. f3 h6 6. Nh3 Qh4+ 7. g3 Qf6 8. a3 d6
9. Nc3 Nd4 10. Be3 Nxf3+ 11. Ke2 Nd4+ 12. Kd2 Nf3+ 13. Kc1 Bxe3+ 14. Kb1 Be6 15.
Nb5 Bb6 16. Nf2 a6 17. Nc3 Bxf2 18. h4 Bxg3 19. Bg2 Bg4 20. Nd5 Qd8 21. Bxf3
Bxf3 22. Qxf3 Bf4 23. Nxf4 exf4 24. Qxf4 Nf6 25. Qf3 Qd7 26. Ka2 O-O-O 27. Rac1
Qb5 28. Rhg1 g6 29. Qxf6 Rhf8 30. Qf2 h5 31. Rg3 Qd7 32. Ka1 c5 33. Rg5 Qb5 34.
Qd2 Rfe8 35. Qd1 Qa5 36. c3 b5 37. Ka2 b4 38. cxb4 Qb5 39. a4 1-0